[Event "Colmenarejo Spring op"]
[Site "Colmenarejo"]
[Date "2019.06.23"]
[Round "7.14"]
[White "Hernandez Roca, Carlos"]
[Black "Candeleda Mayoral, Ramon"]
[Result "0-1"]
[WhiteElo "1116"]
[BlackElo "1340"]
[PlyCount "88"]
[EventDate "2019.05.05"]
[EventType "swiss"]
[EventRounds "7"]
[EventCountry "ESP"]
[SourceTitle "EXT 2024"]
[Source "ChessBase"]
[SourceDate "2023.10.10"]
[SourceVersion "1"]
[SourceVersionDate "2023.10.10"]
[SourceQuality "1"]

1. e4 c6 2. d3 d5 3. Nd2 e5 4. Ngf3 Bd6 5. g3 Bg4 6. h3 Be6 7. Bg2 h6 8. 0-0 Qd7 9. Kh2 Nf6 10. Qe1 d4 11. Rh1 b5 12. c3 c5 13. Kg1 Nc6 14. Nf1 0-0 15. N1h2 Bxh3 16. Bxh3 Qxh3 17. Nf1 Qg4 18. Kg2 Nh5 19. Rh4 Qg6 20. N1h2 Nf4+ 21. Bxf4 exf4 22. Rg4 Qf6 23. Qd2 fxg3 24. fxg3 Ne5 25. Nxe5 Bxe5 26. Rf1 Qe6 27. Qe2 dxc3 28. b3 b4 29. Rh4 Qd6 30. Rg4 a5 31. Qe3 g5 32. Nf3 f6 33. Rh1 Kg7 34. Nxg5 fxg5 35. Rxg5+ hxg5 36. Qxg5+ Kf7 37. Rh7+ Ke8 38. Qh5+ Kd8 39. Qg5+ Kc8 40. Qg4+ Kb8 41. Rd7 Qf6 42. Qh4 Qf2+ 43. Kh1 Qf1+ 44. Kh2 Rf2# 0-1

[Event "Colmenarejo Spring op"]
[Site "Colmenarejo"]
[Date "2019.06.02"]
[Round "4.14"]
[White "Olmedo Alvarez, Marcos"]
[Black "Candeleda Mayoral, Ramon"]
[Result "1-0"]
[WhiteElo "1337"]
[BlackElo "1340"]
[PlyCount "79"]
[EventDate "2019.05.05"]
[EventType "swiss"]
[EventRounds "7"]
[EventCountry "ESP"]
[SourceTitle "EXT 2024"]
[Source "ChessBase"]
[SourceDate "2023.10.10"]
[SourceVersion "1"]
[SourceVersionDate "2023.10.10"]
[SourceQuality "1"]

1. e4 c6 2. d3 d5 3. Nd2 Nd7 4. Ngf3 e5 5. g3 Ngf6 6. Bg2 Bb4 7. 0-0 Bxd2 8. Bxd2 dxe4 9. dxe4 Nxe4 10. Re1 Ndf6 11. Nxe5 Nxd2 12. Nxc6+ Be6 13. Nxd8 Rxd8 14. Qe2 0-0 15. Rad1 Bc4 16. Qe7 Rd7 17. Qxd7 Nxd7 18. Rxd2 Nb6 19. Bxb7 Be6 20. b3 Rb8 21. Red1 Nd7 22. Rxd7 Bxd7 23. Rxd7 Kf8 24. Rc7 Rd8 25. Rc8 Rxc8 26. Bxc8 Ke7 27. c4 a5 28. f4 Kd6 29. Bf5 h6 30. Kf2 g6 31. Bc2 g5 32. Ke3 f6 33. Kd4 h5 34. fxg5 fxg5 35. Be4 h4 36. gxh4 gxh4 37. a3 Kc7 38. b4 axb4 39. axb4 Kb8 40. Kd5 1-0